| 000 | 00911nam a2200241Ii 4500 | ||
|---|---|---|---|
| 003 | JO-AjNU | ||
| 008 | 230605s9999||||xx |||||||||||||| ||und|| | ||
| 017 | _a2009/3/2070 | ||
| 020 | _a978-9957-417-25-3 | ||
| 040 |
_aJO-AjNU _bara _erda _cJO-AjNU |
||
| 041 | _aara | ||
| 050 | 1 | 4 | _aDS36.88.M34 2009 |
| 100 | 3 |
_aمحمود، يوسف عبدالله؛ اشراف ومراجعة غضسب، همام؛ تحرير هاشم، كايد, _eauthor _924757 |
|
| 245 | 0 | 0 | _aمرايا في الفكر المعاصر: حوارات مع نخبة من المفكرين العرب |
| 250 | _aط1 | ||
| 264 | 3 | 1 | _a2009 ،د.م: د.ن |
| 300 | _a174ص | ||
| 336 |
_atext _btxt _2rdacontent |
||
| 337 |
_aunmediated _bn _2rdamedia |
||
| 338 |
_avolume _bnc _2rdacarrier |
||
| 490 | 0 | _aكتاب المنتدى؛ (3) | |
| 650 | 4 |
_aالثقافة الجماهيرية - الثقافة- البلدان العربية _924758 |
|
| 999 |
_aA9168 _c12736 _d12736 |
||